[Event "TUR-ch Seniors 65"]
[Site "Ankara"]
[Date "2023.05.24"]
[Round "6"]
[White "Yasin, Hur"]
[Black "Dinc, Mehmet"]
[Result "1-0"]
[WhiteElo "1890"]
[BlackElo "1411"]
[PlyCount "61"]
[EventDate "2023.05.19"]
[EventType "swiss"]
[EventRounds "9"]
[EventCountry "TUR"]
[SourceTitle "CBM 214 Extra"]
[Source "ChessBase"]
[SourceDate "2023.07.31"]
[SourceVersion "1"]
[SourceVersionDate "2023.07.31"]
[SourceQuality "1"]

1. e4 e6 2. Nf3 d5 3. e5 g6 4. d4 c5 5. c3 cxd4 6. cxd4 Qb6 7. Nc3 Nc6 8. Bd3 Bd7 9. Bc2 Bg7 10. Na4 Qc7 11. Be3 Rc8 12. Rc1 Nge7 13. 0-0 0-0 14. Nc5 b6 15. Nxd7 Qxd7 16. Ba4 Qb7 17. Qd3 a6 18. Bd2 b5 19. Bc2 f6 20. exf6 Bxf6 21. Rfe1 Nf5 22. Rxe6 Ncxd4 23. Nxd4 Nxd4 24. Rxf6 Nxc2 25. Rxf8+ Rxf8 26. Rxc2 Qf7 27. Qd4 Qf5 28. Bc3 Kf7 29. Qg7+ Ke8 30. Re2+ Kd8 31. Ba5+ 1-0

[Event "EU-ch Cities&Town op"]
[Site "Tornelo INT"]
[Date "2023.01.29"]
[Round "?"]
[White "Yasin, Hur"]
[Black "Rama, Lorenc"]
[Result "1-0"]
[WhiteElo "1872"]
[BlackElo "2125"]
[PlyCount "55"]
[EventDate "2023.01.29"]
[EventType "team-swiss"]
[EventRounds "9"]
[EventCountry "NET"]
[SourceTitle "CBM 212 Extra"]
[Source "ChessBase"]
[SourceDate "2023.03.31"]
[SourceVersion "1"]
[SourceVersionDate "2023.03.31"]
[SourceQuality "1"]
[WhiteTeam "Istanbul Seniors"]
[BlackTeam "Durres Teuta"]
[WhiteTeamCountry "TUR"]
[BlackTeamCountry "ALB"]

1. d4 d5 2. Nc3 Nf6 3. Bf4 c6 4. f3 Bf5 5. g4 Bg6 6. h4 h5 7. g5 Nfd7 8. e4 e6 9. Bd3 Qb6 10. Nge2 a6 11. exd5 cxd5 12. Bxg6 fxg6 13. Qd3 Kf7 14. 0-0-0 Nc6 15. Bg3 Na5 16. Nf4 Nc4 17. Qxg6+ Ke7 18. Nfxd5+ exd5 19. Nxd5+ Kd8 20. Nxb6 Ncxb6 21. Rhe1 Bb4 22. c3 Rc8 23. Kb1 Be7 24. Rxe7 Kxe7 25. Qxg7+ Ke6 26. d5+ Nxd5 27. Re1+ Kf5 28. Qxd7+ 1-0

[Event "Kesan op"]
[Site "Kesan"]
[Date "2022.08.03"]
[Round "2"]
[White "Kamber, Aydan"]
[Black "Yasin, Hur"]
[Result "0-1"]
[WhiteElo "1555"]
[BlackElo "1871"]
[PlyCount "104"]
[EventDate "2022.08.02"]
[EventType "swiss"]
[EventRounds "9"]
[EventCountry "TUR"]
[SourceTitle "CBM 209 Extra"]
[Source "ChessBase"]
[SourceDate "2022.09.30"]
[SourceVersion "1"]
[SourceVersionDate "2022.09.30"]
[SourceQuality "1"]

1. c4 c5 2. b3 Nc6 3. Nf3 e5 4. Nc3 f5 5. e4 d6 6. Bb2 fxe4 7. Nxe4 Bg4 8. Be2 Nf6 9. Nfg5 Nxe4 10. Nxe4 Bf5 11. Bh5+ g6 12. Bf3 Bh6 13. 0-0 0-0 14. d3 Qe7 15. Bg4 Rad8 16. Ng3 Be6 17. Bc1 Bxc1 18. Rxc1 Bxg4 19. Qxg4 Rf4 20. Qe2 Rdf8 21. f3 Nd4 22. Qe3 Rh4 23. Ne4 Rhf4 24. Rf2 h5 25. Rcf1 Kg7 26. Nc3 R4f7 27. Nd5 Qh4 28. Qe4 Qg5 29. Kh1 Ne6 30. g3 Nd4 31. h4 Qxg3 32. Rg2 Qh3+ 33. Kg1 Qe6 34. Rg3 Nf5 35. Rg5 Ne7 36. Rf2 Rf5 37. Rfg2 Rxg5 38. Rxg5 Nxd5 39. cxd5 Qe8 40. Kg2 Rf4 41. Qe1 Qf7 42. Qg3 Kh6 43. Kf2 Qf6 44. a3 Rd4 45. Ke2 Rxd5 46. Qh3 Rd4 47. Qc8 Rxh4 48. Rg2 b6 49. Qb8 d5 50. Qxa7 e4 51. fxe4 Qb2+ 52. Kf3 dxe4+ 0-1

[Event "TUR Cup"]
[Site "Adapazari"]
[Date "2022.03.29"]
[Round "7"]
[White "Ozturk, Mustafa"]
[Black "Yasin, Hur"]
[Result "1-0"]
[WhiteElo "1375"]
[BlackElo "1915"]
[PlyCount "103"]
[EventDate "2022.03.25"]
[EventType "swiss"]
[EventRounds "11"]
[EventCountry "TUR"]
[SourceTitle "EXT 2023"]
[Source "ChessBase"]
[SourceDate "2022.10.05"]
[SourceVersion "1"]
[SourceVersionDate "2022.10.05"]
[SourceQuality "1"]

1. e4 e6 2. d4 d5 3. e5 c5 4. c3 Nc6 5. Nf3 Bd7 6. Na3 cxd4 7. cxd4 Qb6 8. Nc2 Rc8 9. Be2 Nge7 10. Ne3 Nf5 11. Nxf5 exf5 12. 0-0 Be7 13. Rb1 h6 14. Be3 g5 15. h3 f4 16. Bc1 h5 17. Nh2 Qxd4 18. Bd2 Qxe5 19. Re1 Qd6 20. Bxh5 Kf8 21. b4 Qh6 22. Bf3 d4 23. b5 Nd8 24. Rxe7 Kxe7 25. Bb4+ Ke8 26. Qxd4 f5 27. Re1+ Be6 28. Qd6 Qf6 29. Bxb7 Rc4 30. Bd5 Rxb4 31. Qxb4 Kf7 32. Qc5 Bxd5 33. Qxd5+ Kg6 34. Nf3 Kh5 35. Re5 Rf8 36. Nd4 Kg6 37. Rxf5 Qe7 38. Re5 Qf6 39. Ne6 Re8 40. Nxf4+ Qxf4 41. Rxe8 Qc1+ 42. Kh2 Qf4+ 43. g3 Qxf2+ 44. Qg2 Qf6 45. Qc2+ Kg7 46. Re2 Ne6 47. Rf2 Qe5 48. Qf5 Qe3 49. Qf7+ Kh8 50. Qe8+ Kh7 51. Rf7+ Kh6 52. Qh8+ 1-0

[Event "Kirsehir Ahilik op"]
[Site "Kirsehir"]
[Date "2021.09.18"]
[Round "9"]
[White "Yasin, Hur"]
[Black "Darban Vaighani, Morteza"]
[Result "0-1"]
[WhiteElo "1915"]
[BlackElo "2261"]
[PlyCount "134"]
[EventDate "2021.09.13"]
[EventType "swiss"]
[EventRounds "9"]
[EventCountry "TUR"]
[SourceTitle "CBM 204 Extra"]
[Source "ChessBase"]
[SourceDate "2021.11.30"]
[SourceVersion "1"]
[SourceVersionDate "2021.11.30"]
[SourceQuality "1"]

1. e4 Nf6 2. e5 Nd5 3. d4 d6 4. Nf3 g6 5. Bc4 c6 6. 0-0 Bg7 7. h3 0-0 8. Re1 dxe5 9. Nxe5 Nd7 10. Bb3 Nxe5 11. dxe5 Be6 12. Qe2 Nc7 13. Nc3 Bxb3 14. axb3 Ne6 15. Rd1 Qc7 16. f4 a6 17. Be3 Rad8 18. Qf2 Rxd1+ 19. Rxd1 f6 20. Bb6 Qc8 21. exf6 Bxf6 22. Ne4 Be5 23. g3 Bc7 24. Bxc7 Qxc7 25. Qe3 Rd8 26. Re1 Qd7 27. Nf2 Nd4 28. Rd1 Qe6 29. Ne4 Ne2+ 30. Qxe2 Rxd1+ 31. Qxd1 Qxe4 32. Kf2 Kf7 33. c3 h5 34. Qe2 Qf5 35. Qc4+ Kf8 36. Qd4 Qc2+ 37. Kf3 Qxb3 38. g4 hxg4+ 39. Kxg4 Qe6+ 40. Kg3 Kf7 41. Qh8 Qe3+ 42. Kg4 Qe2+ 43. Kg3 Qe3+ 44. Kg4 Qe2+ 45. Kg3 Qxb2 46. Qh7+ Kf6 47. Qh8+ Ke6 48. Qg8+ Kd7 49. Qxg6 Qxc3+ 50. Kg4 a5 51. h4 a4 52. h5 a3 53. Qf5+ Kd6 54. h6 a2 55. Qe5+ Qxe5 56. fxe5+ Kd5 57. h7 a1Q 58. h8Q Qd4+ 59. Kh3 Qe3+ 60. Kg2 Qe2+ 61. Kg1 Qe1+ 62. Kg2 Qe4+ 63. Kf1 Qf4+ 64. Kg2 Qxe5 65. Qd8+ Kc4 66. Qb6 c5 67. Kf2 Qf6+ 0-1

[Event "Kirsehir Ahilik op"]
[Site "Kirsehir"]
[Date "2021.09.17"]
[Round "7"]
[White "Yasin, Hur"]
[Black "Temizer, Umut"]
[Result "1-0"]
[WhiteElo "1915"]
[BlackElo "1956"]
[PlyCount "59"]
[EventDate "2021.09.13"]
[EventType "swiss"]
[EventRounds "9"]
[EventCountry "TUR"]
[SourceTitle "CBM 204 Extra"]
[Source "ChessBase"]
[SourceDate "2021.11.30"]
[SourceVersion "1"]
[SourceVersionDate "2021.11.30"]
[SourceQuality "1"]

1. e4 c5 2. Nf3 e6 3. c3 Nf6 4. e5 Nd5 5. b4 cxb4 6. c4 Nc7 7. d4 d5 8. exd6 Bxd6 9. Bd3 Nd7 10. 0-0 0-0 11. Nbd2 Nf6 12. Qc2 Bd7 13. Ne4 Nce8 14. Bg5 Be7 15. Nxf6+ Nxf6 16. Bxf6 gxf6 17. Bxh7+ Kg7 18. Be4 Qc7 19. d5 f5 20. Bd3 Rh8 21. Rac1 Rag8 22. Rfe1 Qf4 23. Bxf5 Kf8 24. dxe6 Bc6 25. Be4 Qg4 26. g3 Rxh2 27. Nxh2 Qh3 28. Bxc6 bxc6 29. Qe4 Rh8 30. Qg2 1-0

[Event "TUR Cup"]
[Site "Antalya"]
[Date "2020.01.27"]
[Round "3"]
[White "Can, Melih Kaan"]
[Black "Yasin, Hur"]
[Result "0-1"]
[WhiteElo "2138"]
[BlackElo "1936"]
[PlyCount "68"]
[EventDate "2020.01.26"]
[EventType "swiss"]
[EventRounds "11"]
[EventCountry "TUR"]
[SourceTitle "CBM 194 Extra"]
[Source "ChessBase"]
[SourceDate "2020.03.31"]
[SourceVersion "1"]
[SourceVersionDate "2020.03.31"]
[SourceQuality "1"]

1. e4 e6 2. d4 d5 3. e5 c5 4. c3 Nc6 5. Nf3 Bd7 6. Be2 f6 7. 0-0 Qc7 8. Bf4 0-0-0 9. Na3 c4 10. Nc2 h6 11. Bg3 f5 12. h4 Be8 13. b3 cxb3 14. axb3 Be7 15. c4 g5 16. cxd5 exd5 17. b4 f4 18. Bh2 Kb8 19. Qd2 Rc8 20. b5 Na5 21. Rfb1 Bg6 22. Nfe1 b6 23. Rxa5 bxa5 24. Bd3 Bxd3 25. Qxd3 Bd8 26. g3 fxg3 27. Bxg3 gxh4 28. Bh2 Qc3 29. Qg6 Ne7 30. Qa6 Rg8+ 31. Kh1 Bb6 32. Ra1 Qd2 33. Ne3 Qxf2 34. N3g2 h3 0-1

[Event "Istanbul op"]
[Site "Istanbul"]
[Date "2019.08.27"]
[Round "3"]
[White "Yasin, Hur"]
[Black "Yaran, Siar"]
[Result "0-1"]
[WhiteElo "1906"]
[BlackElo "2209"]
[PlyCount "85"]
[EventDate "2019.08.26"]
[EventType "swiss"]
[EventRounds "9"]
[EventCountry "TUR"]
[SourceTitle "EXT 2020"]
[Source "ChessBase"]
[SourceDate "2019.10.17"]
[SourceVersion "1"]
[SourceVersionDate "2019.10.17"]
[SourceQuality "1"]

1. e4 e5 2. Nf3 Nc6 3. d4 exd4 4. Bc4 Bc5 5. Ng5 Nh6 6. Nxf7 Nxf7 7. Bxf7+ Kxf7 8. Qh5+ Kf8 9. Qxc5+ d6 10. Qc4 Qe7 11. Qe2 Kf7 12. 0-0 Rf8 13. Nd2 Kg8 14. f4 d5 15. e5 Bf5 16. Nb3 Qb4 17. Rd1 Rae8 18. Qf2 Be4 19. Qe2 Re6 20. g3 Qb6 21. Qf2 Nxe5 22. Nxd4 Ng4 23. Qe2 Nxh2 24. Be3 Nf3+ 25. Nxf3 Bxf3 26. Qxf3 Rxe3 27. Qxd5+ Kh8 28. Qd4 Rxg3+ 29. Kh2 Qg6 30. Rg1 Rg4 31. Rxg4 Qxg4 32. Rf1 h6 33. Rf2 Qh4+ 34. Kg2 Qg4+ 35. Kh2 Rf5 36. Qd8+ Kh7 37. Qd3 Qg6 38. Qg3 Qh5+ 39. Kg2 Rf6 40. Qd3+ Rg6+ 41. Kf1 Qh1+ 42. Ke2 h5 43. Qf5 0-1

[Event "Ordu op 5th"]
[Site "Ordu"]
[Date "2019.04.30"]
[Round "2"]
[White "Sibashvili, Giorgi"]
[Black "Yasin, Hur"]
[Result "1-0"]
[WhiteElo "2398"]
[BlackElo "1959"]
[PlyCount "93"]
[EventDate "2019.04.29"]
[EventType "swiss"]
[EventRounds "9"]
[EventCountry "TUR"]
[SourceTitle "CBM 190 Extra"]
[Source "ChessBase"]
[SourceDate "2019.07.15"]
[SourceVersion "1"]
[SourceVersionDate "2019.07.15"]
[SourceQuality "1"]

1. d4 Nf6 2. c4 c5 3. Nf3 cxd4 4. Nxd4 e6 5. Nc3 Nc6 6. g3 a6 7. Bg2 Qc7 8. 0-0 d6 9. b3 Be7 10. Bb2 Bd7 11. Rc1 Qa5 12. Qd2 Rc8 13. Rfd1 Nxd4 14. Qxd4 Bc6 15. Ne4 Bxe4 16. Bxe4 e5 17. Qe3 Nxe4 18. Qxe4 Rc6 19. c5 0-0 20. cxd6 Rxd6 21. Qxe5 Qxe5 22. Bxe5 Re6 23. Rd5 f6 24. Bf4 Rxe2 25. Rd7 Re8 26. Rxb7 Bf8 27. a4 Re1+ 28. Rxe1 Rxe1+ 29. Kg2 Rb1 30. Be3 a5 31. Bd2 Bc5 32. Bxa5 Rb2 33. Be1 Rb1 34. Bc3 Rc1 35. Bd2 Rd1 36. Bb4 Bxb4 37. Rxb4 Ra1 38. Rb7 h5 39. h4 Kh7 40. Rb5 Kg6 41. a5 Ra3 42. b4 Ra4 43. Rb6 Kf5 44. a6 Ke4 45. b5 Kd5 46. Rb7 Kc5 47. a7 1-0

[Event "Ordu op 5th"]
[Site "Ordu"]
[Date "2019.04.30"]
[Round "3"]
[White "Yasin, Hur"]
[Black "Uzunoglu, Efe Kerem"]
[Result "0-1"]
[WhiteElo "1959"]
[BlackElo "2106"]
[PlyCount "92"]
[EventDate "2019.04.29"]
[EventType "swiss"]
[EventRounds "9"]
[EventCountry "TUR"]
[SourceTitle "CBM 190 Extra"]
[Source "ChessBase"]
[SourceDate "2019.07.15"]
[SourceVersion "1"]
[SourceVersionDate "2019.07.15"]
[SourceQuality "1"]

1. e4 c5 2. Nf3 d6 3. d4 Nf6 4. Nc3 cxd4 5. Nxd4 g6 6. f3 Bg7 7. Be3 0-0 8. Qd2 Nc6 9. 0-0-0 Nxd4 10. Bxd4 Be6 11. g4 Qa5 12. a3 Rfc8 13. h4 Rab8 14. h5 b5 15. hxg6 hxg6 16. g5 Nh5 17. Bxg7 Kxg7 18. Nd5 Qxd2+ 19. Rxd2 Bxd5 20. Rxd5 a6 21. Rh4 Rc5 22. Rxc5 dxc5 23. b3 e5 24. Rh2 Nf4 25. a4 bxa4 26. bxa4 Rb4 27. a5 Ra4 28. Bxa6 Rxa5 29. Bc8 Ra3 30. Bg4 c4 31. Kd2 c3+ 32. Ke3 Ra1 33. Kf2 Rd1 34. Ke3 Re1+ 35. Kf2 Re2+ 36. Kg3 Rd2 37. Rf2 Ne2+ 38. Kh4 Nd4 39. Kg3 Nxc2 40. Rf1 Nd4 41. f4 Rd3+ 42. Kh4 exf4 43. Bd1 c2 44. Bxc2 Nxc2 45. Rxf4 Nd4 46. Kg4 Ne6 0-1

[Event "TUR Cup"]
[Site "Antalya"]
[Date "2019.02.01"]
[Round "9"]
[White "Yasin, Hur"]
[Black "Aslanhan, Halis"]
[Result "0-1"]
[WhiteElo "2004"]
[BlackElo "1779"]
[PlyCount "108"]
[EventDate "2019.01.27"]
[EventType "swiss"]
[EventRounds "11"]
[EventCountry "TUR"]
[SourceTitle "CBM 188 Extra"]
[Source "ChessBase"]
[SourceDate "2019.02.26"]
[SourceVersion "1"]
[SourceVersionDate "2019.02.26"]
[SourceQuality "1"]

1. e4 c5 2. Nf3 e6 3. d4 cxd4 4. Nxd4 a6 5. Nc3 Qc7 6. Bd3 Nf6 7. Qe2 d6 8. Nb3 b5 9. a3 Bb7 10. Bf4 Nbd7 11. 0-0 Be7 12. Rad1 Ne5 13. Nd4 Nxd3 14. Rxd3 e5 15. Nf5 exf4 16. Nd5 Bxd5 17. exd5 g6 18. Nh6 Kf8 19. Qf3 Qxc2 20. Rd4 Qxb2 21. Rxf4 Rc8 22. g4 Qc3 23. g5 Qxf3 24. Rxf3 Nxd5 25. Nxf7 Kg7 26. Nxh8 Kxh8 27. h4 Rc4 28. Rd1 Nb6 29. Re1 Nc8 30. Rh3 Kg7 31. Kg2 d5 32. Re6 Bd6 33. Re8 a5 34. Rhe3 d4 35. Rf3 Ne7 36. Rd8 Bc5 37. Rb3 b4 38. axb4 Bxb4 39. Rd7 Kf7 40. Rd3 Bc3 41. Ra7 Ke6 42. Rf3 Nd5 43. Kf1 Rc7 44. Rf6+ Nxf6 45. Rxc7 Nd7 46. Ke2 Kd6 47. Ra7 Ne5 48. Rxh7 d3+ 49. Ke3 d2 50. Ke2 Nc4 51. Rb7 a4 52. h5 a3 53. Rb8 a2 54. Ra8 Na5 0-1

[Event "TUR Cup"]
[Site "Antalya"]
[Date "2019.01.30"]
[Round "6"]
[White "Ozkan, Ervin"]
[Black "Yasin, Hur"]
[Result "1-0"]
[WhiteElo "2150"]
[BlackElo "2004"]
[PlyCount "97"]
[EventDate "2019.01.27"]
[EventType "swiss"]
[EventRounds "11"]
[EventCountry "TUR"]
[SourceTitle "CBM 188 Extra"]
[Source "ChessBase"]
[SourceDate "2019.02.26"]
[SourceVersion "1"]
[SourceVersionDate "2019.02.26"]
[SourceQuality "1"]

1. d4 Nf6 2. Bf4 d6 3. e3 g6 4. h3 Bg7 5. Nf3 0-0 6. Be2 c5 7. c3 cxd4 8. exd4 Nc6 9. 0-0 Re8 10. Bh2 Bf5 11. Qb3 Qc7 12. Nbd2 e5 13. dxe5 dxe5 14. Nc4 Be6 15. Qa4 Nd5 16. Ng5 Bf5 17. Bf3 Nb6 18. Nxb6 Qxb6 19. Bd5 Re7 20. Qc4 Rf8 21. Rfe1 h6 22. Ne4 Rd8 23. Qb3 Qc7 24. c4 Nd4 25. Qc3 Qc8 26. Qd2 b5 27. Rac1 Rc7 28. Nc3 b4 29. Bxe5 Bxe5 30. Rxe5 Nc6 31. Rxf5 bxc3 32. Qf4 cxb2 33. Rf6 bxc1Q+ 34. Qxc1 Kg7 35. Qc3 Kh7 36. Bxc6 Kg8 37. Qf3 Re7 38. Bd5 Qc7 39. Rxg6+ Kf8 40. g3 Rd6 41. Rg4 Rdd7 42. Qf5 Re5 43. Qh7 Rdxd5 44. Qxh6+ Ke7 45. cxd5 Rxd5 46. Qe3+ Kf8 47. Qa3+ Ke8 48. Re4+ Re5 49. Rxe5+ 1-0

[Event "Kahramanmaras op 9th"]
[Site "Kahramanmaras"]
[Date "2018.04.08"]
[Round "9"]
[White "Bagirova, Khatun"]
[Black "Yasin, Hur"]
[Result "0-1"]
[WhiteElo "1865"]
[BlackElo "1992"]
[PlyCount "50"]
[EventDate "2018.04.03"]
[EventType "swiss"]
[EventRounds "9"]
[EventCountry "TUR"]
[SourceTitle "CBM 183 Extra"]
[Source "ChessBase"]
[SourceDate "2018.04.19"]
[SourceVersion "1"]
[SourceVersionDate "2018.04.19"]
[SourceQuality "1"]

1. e4 e6 2. d4 d5 3. Nd2 Nf6 4. e5 Nfd7 5. Bd3 c5 6. c3 Nc6 7. Ne2 cxd4 8. cxd4 f6 9. exf6 Qxf6 10. Nf3 Bb4+ 11. Bd2 Bxd2+ 12. Qxd2 0-0 13. 0-0 e5 14. dxe5 Ndxe5 15. Ned4 Bg4 16. Nxe5 Qxe5 17. Nxc6 bxc6 18. Qc2 Rf6 19. Bxh7+ Kh8 20. Bd3 Rh6 21. f4 Qe3+ 22. Rf2 Rf8 23. f5 Rh5 24. Kh1 Rf6 25. Qd2 Rfh6 0-1

[Event "Kahramanmaras op 9th"]
[Site "Kahramanmaras"]
[Date "2018.04.07"]
[Round "8"]
[White "Yasin, Hur"]
[Black "Uzuner, Tufan Can"]
[Result "1/2-1/2"]
[WhiteElo "1992"]
[BlackElo "1932"]
[PlyCount "23"]
[EventDate "2018.04.03"]
[EventType "swiss"]
[EventRounds "9"]
[EventCountry "TUR"]
[SourceTitle "CBM 183 Extra"]
[Source "ChessBase"]
[SourceDate "2018.04.19"]
[SourceVersion "1"]
[SourceVersionDate "2018.04.19"]
[SourceQuality "1"]

1. Nf3 d5 2. d4 c6 3. Bf4 Nf6 4. e3 g6 5. Nbd2 Bg7 6. Bd3 0-0 7. c3 Nbd7 8. h3 Re8 9. g4 a5 10. Qc2 b5 11. a4 Qb6 12. axb5 1/2-1/2